| 000 | 00611nam a2200241Ia 4500 | ||
|---|---|---|---|
| 008 | 180523s9999 xx 000 0 und d | ||
| 020 | _a978-981-4314-78-7 | ||
| 050 | _aMAIN G 155.A1 | ||
| 050 | _b.M36 2011 | ||
| 100 | _aMancini, Marc. | ||
| 245 | 0 | _aSelling tourist destination : | |
| 245 | 0 | _bgeography for travel professioanals / | |
| 245 | 0 | _cMarc Mancini. | |
| 260 | _aSingapore : | ||
| 260 | _bCengage Learning, | ||
| 260 | _c2011 | ||
| 300 | _a548 pages : | ||
| 300 | _billustrations ; | ||
| 300 | _c23 cm. | ||
| 500 | _aIncludes index. | ||
| 650 | _aTourism. | ||
| 650 | _xGeography. | ||
| 999 |
_c356640 _d356640 |
||